[Event "Guernsey Open"]
[Site "Guernsey GCI"]
[Date "2007.10.21"]
[Round "1"]
[White "Epishin, Vladimir"]
[Black "Van Onzen, Jeroen"]
[Result "1/2-1/2"]
[WhiteElo "2578"]
[BlackElo "1988"]
[PlyCount "81"]
[EventDate "2006.10.15"]
[SourceDate "2006.10.28"]

1. d4 Nf6 2. c4 g6 3. Nc3 d6 4. e4 Bg7 5. Nf3 O-O 6. Be2 e5 7. O-O Nc6 8. d5
Ne7 9. b4 Ne8 10. c5 f5 11. Qc2 h6 12. Bb2 f4 13. Rfc1 g5 14. h3 Ng6 15. Nh2
Nf6 16. Qd1 Nh4 17. Rc2 Bd7 18. a4 Qe8 19. Nb5 Bxb5 20. Bxb5 Qf7 21. cxd6 cxd6
22. Rac1 Qg6 23. Bd3 h5 24. f3 g4 25. fxg4 f3 26. Nxf3 Nxf3+ 27. Qxf3 Bh6 28.
Qf5 Be3+ 29. Kh1 Qxf5 30. gxf5 Bxc1 31. Rxc1 Rac8 32. Rd1 Rf7 33. b5 Kf8 34. a5
Ke7 35. Bc1 Nd7 36. Be2 Rh7 37. Be3 Rc2 38. Bd3 Ra2 39. a6 b6 40. Bg5+ Ke8 41.
h4 1/2-1/2

[Event "Guernsey Open"]
[Site "Guernsey GCI"]
[Date "2007.10.21"]
[Round "1"]
[White "Bellin, Robert"]
[Black "Van Ingen, Ton"]
[Result "1-0"]
[WhiteElo "2400"]
[BlackElo "1970"]
[PlyCount "37"]
[EventDate "2006.10.15"]
[SourceDate "2006.10.28"]

1. d4 Nf6 2. Nf3 e6 3. e3 d5 4. Bd3 Bd6 5. O-O Nbd7 6. c4 c6 7. Nc3 O-O 8. e4
dxe4 9. Nxe4 Nxe4 10. Bxe4 Nf6 11. Bc2 c5 12. Bg5 h6 13. Bh4 cxd4 14. Qxd4 Be7
15. Qc3 Ne4 16. Qe3 Nf6 17. Rad1 Qc7 18. Ne5 Ng4 19. Nxg4 1-0

[Event "Guernsey Open"]
[Site "Guernsey GCI"]
[Date "2007.10.21"]
[Round "1"]
[White "Glover, John"]
[Black "Ravikumar, Vaidyanathan"]
[Result "0-1"]
[WhiteElo "1945"]
[BlackElo "2350"]
[PlyCount "136"]
[EventDate "2006.10.15"]
[SourceDate "2006.10.28"]

1. Nf3 Nf6 2. c4 e6 3. g3 b6 4. Bg2 Bb7 5. O-O c5 6. e3 Be7 7. d4 O-O 8. Nc3 d6
9. Re1 a6 10. a3 Qc7 11. d5 exd5 12. cxd5 b5 13. e4 Nbd7 14. b3 Rfe8 15. Bb2
Bf8 16. Nd2 g6 17. Rc1 Bg7 18. Rc2 Ne5 19. Nf3 Nxf3+ 20. Bxf3 Nd7 21. Bg2 Qb6
22. Kh1 Re7 23. Qa1 Bd4 24. f3 Rae8 25. Rd1 Bc8 26. Ne2 Bxb2 27. Qxb2 Ne5 28.
h3 f5 29. f4 Nf7 30. e5 dxe5 31. fxe5 Rxe5 32. Nf4 c4 33. Rcc1 cxb3 34. Qxb3
Nd6 35. Kh2 Bd7 36. Qb2 Ne4 37. Ne6 Qd6 38. Qb4 Qxb4 39. axb4 Bxe6 40. dxe6
R5xe6 41. Rd7 R8e7 42. Rd8+ Kg7 43. Rc2 Nd6 44. Ra8 Nc4 45. Bd5 Rd6 46. Bxc4
bxc4 47. Rc8 Re4 48. R8xc4 Rxc4 49. Rxc4 Kf6 50. g4 Ke5 51. gxf5 gxf5 52. Kg3
Rd3+ 53. Kf2 Rxh3 54. Rc6 Ra3 55. Rh6 Ra4 56. Rxh7 Rxb4 57. Rh6 a5 58. Ra6 Ra4
59. Rh6 Ra3 60. Rh4 a4 61. Rb4 Kf6 62. Ke2 Kg5 63. Rc4 Ra1 64. Kd2 a3 65. Kc2
f4 66. Kb3 f3 67. Rc8 f2 68. Rg8+ Kh6 0-1

[Event "Guernsey Open"]
[Site "Guernsey GCI"]
[Date "2007.10.21"]
[Round "1"]
[White "Galliano, Alex"]
[Black "Havenaar, Jan"]
[Result "1-0"]
[WhiteElo "2012"]
[BlackElo "2196"]
[PlyCount "39"]
[EventDate "2006.10.15"]
[SourceDate "2006.10.28"]

1. e4 g6 2. d4 Bg7 3. Nf3 c6 4. Nc3 d5 5. exd5 cxd5 6. Bb5+ Bd7 7. Qe2 a6 8.
Bxd7+ Qxd7 9. Ne5 Qd8 10. O-O Nc6 11. Re1 Nxe5 12. dxe5 e6 13. Qf3 Qc7 14. Bg5
h6 15. Bf6 Bxf6 16. Nxd5 exd5 17. exf6+ Kd8 18. Qxd5+ Qd7 19. Qa5+ Kc8 20. Rad1
1-0

[Event "Guernsey Open"]
[Site "Guernsey GCI"]
[Date "2007.10.21"]
[Round "1"]
[White "Van der Linde, M."]
[Black "Hickman, John"]
[Result "0-1"]
[WhiteElo "2192"]
[BlackElo "2002"]
[PlyCount "38"]
[EventDate "2006.10.15"]
[SourceDate "2006.10.28"]

1. e4 d6 2. d4 Nf6 3. Nc3 g6 4. Bg5 Bg7 5. Qd2 c6 6. O-O-O O-O 7. f4 b5 8. Bd3
Nbd7 9. Nf3 Qa5 10. Kb1 b4 11. Ne2 c5 12. e5 Nd5 13. Be4 Bb7 14. dxc5 Nc3+ 15.
bxc3 Bxe4 16. Nfd4 Nxc5 17. Nb3 Nxb3 18. axb3 Qa3 19. Nc1 bxc3 0-1

[Event "Guernsey Open"]
[Site "Guernsey GCI"]
[Date "2007.10.21"]
[Round "1"]
[White "Dennis, Nigel W"]
[Black "Cornelisse, Johnny JA"]
[Result "0-1"]
[WhiteElo "2005"]
[BlackElo "2187"]
[PlyCount "96"]
[EventDate "2006.10.15"]
[SourceDate "2006.10.28"]

1. e4 d6 2. c4 Nf6 3. Nc3 g6 4. d4 Bg7 5. Nf3 O-O 6. Be2 e5 7. dxe5 dxe5 8.
Qxd8 Rxd8 9. Bg5 Re8 10. h3 Na6 11. Be3 c6 12. O-O Bf8 13. a3 Nc5 14. Nd2 Ne6
15. Nf3 Nf4 16. Rfe1 a5 17. Bf1 Nd7 18. Red1 f6 19. Na4 Ne6 20. Be2 Nec5 21.
Nxc5 Nxc5 22. Nd2 Na4 23. Rab1 f5 24. f3 f4 25. Bf2 g5 26. Rdc1 Rd8 27. Rc2 Nc5
28. Rd1 a4 29. Rcc1 Be6 30. Nb1 Nb3 31. Rc3 Rxd1+ 32. Bxd1 Rd8 33. Be2 Nd2 34.
Rc1 Nxb1 35. Rxb1 Rd2 36. Kf1 Rc2 37. b3 axb3 38. Rxb3 Rxe2 39. Kxe2 Bxc4+ 40.
Rd3 Bxa3 41. Kd2 Bb4+ 42. Kc2 Bxd3+ 43. Kxd3 b5 44. g4 c5 45. h4 h6 46. hxg5
hxg5 47. Kc2 Kf7 48. Kb3 Ke6 0-1

[Event "Guernsey Open"]
[Site "Guernsey GCI"]
[Date "2007.10.21"]
[Round "1"]
[White "Reijneveld, Ad"]
[Black "Guttridge, David"]
[Result "1-0"]
[WhiteElo "2175"]
[BlackElo "2001"]
[PlyCount "47"]
[EventDate "2006.10.15"]
[SourceDate "2006.10.28"]

1. Nc3 e6 2. d4 d5 3. e4 Bb4 4. e5 Qd7 5. Qg4 f5 6. Qh5+ g6 7. Qd1 b6 8. h4 h5
9. Nh3 Ba6 10. Bg5 Bxf1 11. Kxf1 Bxc3 12. bxc3 Nc6 13. Nf4 Nge7 14. Rh3 O-O-O
15. Qd3 Rdg8 16. c4 dxc4 17. Qxc4 Nd5 18. Nd3 Na5 19. Qa6+ Kb8 20. Nc5 Qc6 21.
Rb1 Ka8 22. Ra3 Nb4 23. Rxb4 bxc5 24. Qxa5 1-0

[Event "Guernsey Open"]
[Site "Guernsey GCI"]
[Date "2007.10.21"]
[Round "1"]
[White "Ippel, Cornelius J"]
[Black "Lohou, Stephane"]
[Result "1-0"]
[WhiteElo "2042"]
[BlackElo "2161"]
[PlyCount "111"]
[EventDate "2006.10.15"]
[SourceDate "2006.10.28"]

1. Nc3 d5 2. e4 dxe4 3. Nxe4 Nf6 4. Ng3 e5 5. Bc4 Bc5 6. c3 O-O 7. h3 Nc6 8. d3
Na5 9. Bb3 Nxb3 10. axb3 Qd5 11. Nf3 Be6 12. b4 Bb6 13. c4 Qd6 14. c5 Bxc5 15.
bxc5 Qxc5 16. O-O Rfd8 17. Bg5 e4 18. d4 Qd5 19. Bxf6 gxf6 20. Nh4 Qg5 21. Qh5
Rxd4 22. Rfd1 Rb4 23. Qxg5+ fxg5 24. Nhf5 h5 25. Nd4 Rxb2 26. Nxe4 Bc4 27. Nf5
Kh7 28. Ne3 Ba2 29. Nxg5+ Kg6 30. Nf3 a5 31. Ne5+ Kg7 32. Nd3 Re2 33. Kf1 Rxe3
34. fxe3 Bc4 35. Kf2 a4 36. Nf4 b5 37. Rdc1 h4 38. Rxc4 bxc4 39. Nd5 Ra5 40. e4
f5 41. Nxc7 fxe4 42. Ne6+ Kf6 43. Nd4 a3 44. Ke3 Rg5 45. Kf2 Rd5 46. Ke3 Rg5
47. Ra2 Ke5 48. Nc6+ Kd5 49. Kf4 Rg3 50. Ne7+ Kc5 51. Nf5 Rb3 52. Ne3 Kb4 53.
Nc2+ Ka4 54. Kxe4 Rd3 55. Ne3 Kb3 56. Rxa3+ 1-0

[Event "Guernsey Open"]
[Site "Guernsey GCI"]
[Date "2007.10.21"]
[Round "1"]
[White "Heppell, Ian N"]
[Black "Fassaert, DJM."]
[Result "1/2-1/2"]
[WhiteElo "2150"]
[BlackElo "2009"]
[PlyCount "28"]
[EventDate "2006.10.15"]
[SourceDate "2006.10.28"]

1. e4 c6 2. c4 d5 3. exd5 cxd5 4. cxd5 Nf6 5. Nc3 Nxd5 6. Bc4 Nxc3 7. Qf3 e6 8.
dxc3 Nc6 9. Bf4 Qf6 10. O-O-O Bc5 11. Qg3 e5 12. Be3 Bxe3+ 13. Qxe3 O-O 14. Ne2
Be6 1/2-1/2

[Event "Guernsey Open"]
[Site "Guernsey GCI"]
[Date "2007.10.21"]
[Round "1"]
[White "Morcom, Huw C"]
[Black "Taylor, Mark V"]
[Result "0-1"]
[WhiteElo "1978"]
[BlackElo "2150"]
[PlyCount "102"]
[EventDate "2006.10.15"]
[SourceDate "2006.10.28"]

1. Nf3 e6 2. g3 f5 3. Bg2 Nf6 4. O-O Be7 5. d3 O-O 6. Nbd2 d6 7. e4 e5 8. c3
Nc6 9. Re1 Kh8 10. Qe2 fxe4 11. dxe4 Bg4 12. Qc4 Qd7 13. Qf1 Ng8 14. h3 Bh5 15.
g4 Bg6 16. Qe2 Nd8 17. Qd3 Qc8 18. Nf1 Ne6 19. Ng3 Nf4 20. Bxf4 Rxf4 21. Nf5
Bf7 22. c4 Qe6 23. b3 g6 24. Ng3 Be8 25. Ne2 Rf7 26. Nc3 {(=)} c6 27. Rad1 Bd7
28. c5 Rd8 29. cxd6 Be8 30. Qc4 Rxd6 31. Qa4 b6 32. Rxd6 Bxd6 33. Ng5 Qf6 34.
Nxf7+ Qxf7 35. Qc4 Qe7 36. Rd1 Bc5 37. Na4 Bd6 38. Qd3 Bc7 39. Nc3 Nf6 40. Nb1
Nd7 41. Qc3 Nc5 42. Nd2 Ne6 43. Nf3 Nf4 44. Bf1 b5 45. b4 h5 46. Qc5 Qf6 47.
Bg2 Nxh3+ 48. Bxh3 Qxf3 49. Bf1 Qxg4+ 50. Kh2 Qf4+ 51. Kg1 Bb6 0-1

[Event "Guernsey Open"]
[Site "Guernsey GCI"]
[Date "2007.10.21"]
[Round "1"]
[White "Spanton, Timothy R"]
[Black "Minnican, Alan William"]
[Result "0-1"]
[WhiteElo "1985"]
[BlackElo "2110"]
[PlyCount "106"]
[EventDate "2006.10.15"]
[SourceDate "2006.10.28"]

1. e4 c5 2. Nf3 g6 3. d4 cxd4 4. Nxd4 Nc6 5. c4 Nf6 6. Nc3 d6 7. Be2 Nxd4 8.
Qxd4 Bg7 9. Be3 O-O 10. Qd2 Be6 11. Rc1 Qa5 12. f3 Rfc8 13. b3 a6 14. Na4 Qxd2+
15. Kxd2 Nd7 16. g4 f5 17. gxf5 gxf5 18. Rhg1 Kh8 19. Bd3 Rf8 20. Rxg7 Kxg7 21.
Rg1+ Kh8 22. Bd4+ Nf6 23. exf5 Bf7 24. Nb6 Rad8 25. Be4 Rg8 26. Re1 Rg2+ 27.
Re2 Rdg8 28. f4 Rxe2+ 29. Kxe2 Rg4 30. Ke3 Rh4 31. Bxb7 Rh3+ 32. Kd2 Rxh2+ 33.
Kc3 Rxa2 34. Nc8 Kg7 35. Nxe7 h5 36. Nc8 d5 37. cxd5 Ra5 38. Ne7 Be8 39. Bc6
Kf7 40. Bxf6 Kxf6 41. Bxe8 Kxe7 42. Bxh5 Rxd5 43. Bg6 Kf6 44. Kc4 Ra5 45. Kb4
Rb5+ 46. Kc4 Ke7 47. b4 Kf6 48. Kc3 Rb6 49. Kc4 Rc6+ 50. Kd5 Rc7 51. Kd6 Rc4
52. Kd5 Rxb4 53. Kc5 Rb8 0-1

[Event "Guernsey Open"]
[Site "Guernsey GCI"]
[Date "2007.10.21"]
[Round "1"]
[White "Lewyk, Ivor"]
[Black "Cummins, John"]
[Result "1-0"]
[WhiteElo "2105"]
[BlackElo "1935"]
[PlyCount "68"]
[EventDate "2006.10.15"]
[SourceDate "2006.10.28"]

1. Nf3 Nf6 2. d4 d5 3. e3 e6 4. Bd3 c5 5. b3 cxd4 6. exd4 Be7 7. O-O O-O 8. Ne5
Nc6 9. Bb2 Qb6 10. c3 Ne4 11. Bxe4 dxe4 12. Nd2 f5 13. Ndc4 Qc7 14. Nxc6 bxc6
15. f3 exf3 16. Qxf3 Bf6 17. Ba3 Be7 18. Bxe7 Qxe7 19. Qxc6 Bb7 20. Qd6 Qg5 21.
Rf2 Bd5 22. Qf4 Qh5 23. Nd2 Rf6 24. c4 Bb7 25. Re1 Raf8 26. Nf3 Be4 27. Qe5 Rg6
28. Nd2 Ba8 29. Nf1 Qh3 30. d5 f4 31. Kh1 Qh4 32. g3 exd5 33. gxh4 dxc4+ 34.
Re4 Rg4 1-0

[Event "Guernsey Open"]
[Site "Guernsey GCI"]
[Date "2007.10.21"]
[Round "1"]
[White "Van Hoek, Wilhelmus J"]
[Black "Bolt, Graham"]
[Result "0-1"]
[WhiteElo "1926"]
[BlackElo "2097"]
[PlyCount "90"]
[EventDate "2006.10.15"]
[SourceDate "2006.10.28"]

1. e4 c5 2. Nf3 Nc6 3. c3 Nf6 4. e5 Nd5 5. d4 cxd4 6. Bc4 e6 7. Bxd5 exd5 8.
cxd4 Bb4+ 9. Bd2 Bxd2+ 10. Qxd2 d6 11. Nc3 Bg4 12. Nb5 dxe5 13. Nxe5 Be6 14.
O-O O-O 15. Rac1 f6 16. Nxc6 bxc6 17. Nc3 Qa5 18. b3 Rfe8 19. Ne4 Qxd2 20. Nxd2
Bd7 21. Rfe1 Kf8 22. f3 Rab8 23. a3 Rxe1+ 24. Rxe1 Rb5 25. Rc1 Ke7 26. Rc5 Rxc5
27. dxc5 Ke6 28. Kf2 a5 29. Ke3 h5 30. Kd4 Bc8 31. b4 axb4 32. axb4 Ba6 33. g3
Be2 34. Ke3 Bd1 35. Kd4 g5 36. Ke3 Ke5 37. f4+ gxf4+ 38. gxf4+ Kf5 39. Nf3 Bxf3
40. Kxf3 d4 41. Ke2 Ke6 42. Kd3 Kd5 43. f5 h4 44. h3 Ke5 45. b5 cxb5 0-1

[Event "Guernsey Open"]
[Site "Guernsey GCI"]
[Date "2007.10.21"]
[Round "1"]
[White "Westerkamp, Bert"]
[Black "Twitchell, David"]
[Result "0-1"]
[WhiteElo "2093"]
[BlackElo "1982"]
[PlyCount "86"]
[EventDate "2006.10.15"]
[SourceDate "2006.10.28"]

1. Nf3 Nf6 2. c4 c5 3. Nc3 Nc6 4. d4 cxd4 5. Nxd4 g6 6. g3 Bg7 7. Bg2 O-O 8.
O-O Nxd4 9. Qxd4 d6 10. Rd1 Ng4 11. Qd2 Qb6 12. e3 Nf6 13. b3 Bg4 14. Re1 Rfd8
15. Bb2 Rac8 16. Nd5 Nxd5 17. Bxg7 Kxg7 18. Qxd5 Rc7 19. Rac1 Be6 20. Qd2 a6
21. Red1 Qa7 22. c5 d5 23. Qc3+ Kg8 24. e4 Rcd7 25. Qa5 dxe4 26. Qxd8+ Rxd8 27.
Rxd8+ Kg7 28. Bxe4 a5 29. Bg2 Qa6 30. Rd2 Qb5 31. h4 h5 32. c6 bxc6 33. Bxc6
Qb4 34. Rcd1 Bg4 35. f3 Qc5+ 36. Kh2 Qxc6 37. fxg4 hxg4 38. Rd5 e5 39. R1d2 e4
40. R5d4 e3 41. Rg2 Qf3 42. Rc4 e2 43. Rc1 Qf1 0-1

[Event "Guernsey Open"]
[Site "Guernsey GCI"]
[Date "2007.10.21"]
[Round "1"]
[White "Nicholson, J."]
[Black "Thurlow, Kevin J"]
[Result "1/2-1/2"]
[WhiteElo "1910"]
[BlackElo "2091"]
[PlyCount "29"]
[EventDate "2006.10.15"]
[SourceDate "2006.10.28"]

1. e4 c5 2. Nf3 e6 3. c3 d5 4. e5 Nc6 5. d4 Bd7 6. Bd3 Qb6 7. dxc5 Bxc5 8. O-O
f6 9. Qe2 Be7 10. Na3 fxe5 11. Nxe5 Nxe5 12. Qxe5 Nf6 13. Nc2 O-O 14. Be3 Qd6
15. Bf4 1/2-1/2

[Event "Guernsey Open"]
[Site "Guernsey GCI"]
[Date "2007.10.21"]
[Round "1"]
[White "Prins, Jan"]
[Black "Walker, Sam"]
[Result "1-0"]
[WhiteElo "2090"]
[BlackElo "1945"]
[PlyCount "93"]
[EventDate "2006.10.15"]
[SourceDate "2006.10.28"]

1. d4 Nf6 2. Nf3 g6 3. c4 Bg7 4. Nc3 d5 5. cxd5 Nxd5 6. e4 Nxc3 7. bxc3 c5 8.
Be3 O-O 9. Rb1 Nc6 10. Qd2 Bg4 11. d5 Bxf3 12. gxf3 Ne5 13. Be2 Qa5 14. O-O b6
15. f4 Nd7 16. e5 Rfd8 {(=)} 17. Qc2 c4 18. Bxc4 Nc5 19. Rfd1 Rac8 20. Rb4 a6
21. Bxc5 Qxc5 22. Bb3 b5 23. a4 Bh6 24. axb5 axb5 {(=)} 25. Qe4 Qxc3 26. Rxb5
Qh3 27. Qg2 Qf5 28. Rb7 Rb8 29. d6 Rxb7 30. Qxb7 exd6 31. Qe7 Rd7 {(=)} 32.
Qe8+ Kg7 33. e6 Qg4+ 34. Kf1 Qh3+ 35. Ke2 Qg4+ 36. f3 Qxf4 {(=)} 37. exf7 Rd8
38. Qg8+ Rxg8 39. fxg8=Q+ Kf6 40. Qf7+ Kg5 41. Rg1+ Kh5 42. Qxf4 Bxf4 43. Bg8
Kh6 44. h3 Kg7 45. Bd5 Kf6 46. Kd3 Ke5 47. Bg8 1-0

[Event "Guernsey Open"]
[Site "Guernsey GCI"]
[Date "2007.10.21"]
[Round "1"]
[White "Pickersgill, Adrian"]
[Black "Lentjes, Noad"]
[Result "1/2-1/2"]
[WhiteElo "2088"]
[BlackElo "1884"]
[PlyCount "101"]
[EventDate "2006.10.15"]
[SourceDate "2006.10.28"]

1. e4 e6 2. d4 d5 3. Nd2 c5 4. exd5 exd5 5. Ngf3 Nc6 6. Bb5 Nf6 7. O-O Be7 8.
dxc5 O-O 9. Nb3 Bg4 10. h3 Bh5 11. Bf4 Ne4 12. Be2 Nxc5 13. Nxc5 Bxc5 14. c3
Re8 15. Re1 Qb6 16. Bg3 Rad8 17. Qb3 Qxb3 18. axb3 Bg6 19. b4 Bb6 20. Bb5 f6
21. Rxe8+ Rxe8 22. Re1 Rxe1+ 23. Nxe1 d4 24. Bd3 Ne5 25. Bxe5 fxe5 26. Bxg6
hxg6 27. Kf1 e4 28. cxd4 Bxd4 29. b3 Kf7 30. Nc2 Bb6 31. Ke2 Ke6 32. f3 Ke5 33.
fxe4 Kxe4 34. Kd2 Kf4 35. Ke2 Kg3 36. Kf1 g5 37. Na3 g4 38. hxg4 Kxg4 39. Nc4
Bc7 40. Ne3+ Kg5 41. b5 Bb6 42. Nc4 Bc7 43. Ke2 Kf4 44. Nd2 Ke5 45. Kd3 Kd5 46.
Ne4 Bf4 47. b4 Bd6 48. Nxd6 Kxd6 49. Kd4 b6 50. Ke4 Ke6 51. g3 1/2-1/2

[Event "Guernsey Open"]
[Site "Guernsey GCI"]
[Date "2007.10.21"]
[Round "1"]
[White "Tan, HB."]
[Black "Heath, Jeffrey"]
[Result "1-0"]
[WhiteElo "2086"]
[BlackElo "1930"]
[PlyCount "91"]
[EventDate "2006.10.15"]
[SourceDate "2006.10.28"]

1. e4 d5 2. exd5 Qxd5 3. Nc3 Qa5 4. d4 c6 5. Bc4 Nf6 6. Bd2 Qc7 7. Nf3 Bf5 8.
Ne5 e6 9. Qe2 Bd6 10. O-O-O Bxe5 11. dxe5 Nd5 12. Bxd5 exd5 13. g4 Be6 14. f4
g6 15. h3 Nd7 16. Qf2 Nb6 17. f5 d4 18. Ne4 Qxe5 19. fxe6 O-O-O 20. Ng5 fxe6
21. Rhe1 Qd5 22. Kb1 Rdf8 23. Qe2 Re8 24. Qe5 Nc4 25. Qxd5 exd5 26. Rxe8+ Rxe8
27. Bc1 h5 28. b3 Ne3 29. Rxd4 hxg4 30. Bxe3 Rxe3 31. Rxg4 Kd7 32. Kc1 Re2 33.
Nf7 Re7 34. Ng5 Ke8 35. Kd2 Kf8 36. Rh4 Re5 37. Rf4+ Kg8 38. h4 Re7 39. a4 Kg7
40. a5 c5 41. b4 b6 42. bxc5 bxc5 43. c4 d4 44. Re4 Rb7 45. Ne6+ Kh6 46. Nxc5
1-0

[Event "Guernsey Open"]
[Site "Guernsey GCI"]
[Date "2007.10.21"]
[Round "1"]
[White "Grant, David"]
[Black "Khamroev, Ravshah"]
[Result "0-1"]
[WhiteElo "1924"]
[BlackElo "2083"]
[PlyCount "60"]
[EventDate "2006.10.15"]
[SourceDate "2006.10.28"]

1. e4 d5 2. exd5 Qxd5 3. Nc3 Qa5 4. d4 Nf6 5. Bd2 c6 6. Bc4 Bf5 7. Nd5 Qd8 8.
Nxf6+ gxf6 9. Nf3 e6 10. c3 Nd7 11. Nh4 Bg6 12. O-O Nb6 13. Bb3 Qc7 14. Qf3 Bd6
15. Qxf6 Rg8 16. Nf3 Be4 17. Bxe6 Bxf3 18. Bh3 Bd5 19. Rfe1+ Be7 20. Bf4 Qd8
21. Bd6 Be6 22. Rxe6 fxe6 23. Qxe6 Rg6 24. Qe5 Qxd6 25. Qh8+ Kf7 26. Qxh7+ Rg7
27. Qf5+ Qf6 28. Qh5+ Qg6 29. Qf3+ Kg8 30. Re1 Rf8 0-1

[Event "Guernsey Open"]
[Site "Guernsey GCI"]
[Date "2007.10.21"]
[Round "1"]
[White "Kamps, JW."]
[Black "Franklin, Sam"]
[Result "1/2-1/2"]
[WhiteElo "2077"]
[BlackElo "1917"]
[PlyCount "83"]
[EventDate "2006.10.15"]
[SourceDate "2006.10.28"]

1. e4 c5 2. Nc3 g6 3. f4 Bg7 4. Nf3 Nc6 5. Bb5 Nd4 6. O-O Nh6 7. d3 O-O 8. a4
e6 9. Bc4 b6 10. Nxd4 cxd4 11. Ne2 d5 12. Bb3 dxe4 13. dxe4 Bb7 14. Qd3 a5 15.
Bc4 Rc8 16. b3 Qh4 17. h3 Rfd8 18. Bd2 Kh8 19. Rae1 f5 20. Ng3 Re8 21. Re2 Ng8
22. Be1 Qd8 23. Bf2 Qd7 24. Rfe1 Nf6 25. Qxd4 Qxd4 26. Bxd4 Nxe4 27. Bxg7+ Kxg7
28. Nxe4 Bxe4 29. Rd1 Re7 30. Rd6 Rc6 31. Rxc6 Bxc6 32. Rxe6 Rxe6 33. Bxe6 Kf6
34. Bc4 Be4 35. c3 Ke7 36. g3 h6 37. Kf2 Kd6 38. Ke3 g5 39. fxg5 hxg5 40. h4
gxh4 41. gxh4 Ke5 42. h5 1/2-1/2

[Event "Guernsey Open"]
[Site "Guernsey GCI"]
[Date "2007.10.21"]
[Round "1"]
[White "Bucher, Grant"]
[Black "Dijksterhuis, Rolf"]
[Result "1/2-1/2"]
[WhiteElo "1904"]
[BlackElo "2076"]
[PlyCount "59"]
[EventDate "2006.10.15"]
[SourceDate "2006.10.28"]

1. e4 c5 2. Nf3 Nc6 3. d4 cxd4 4. Nxd4 e5 5. Nb5 a6 6. Nd6+ Bxd6 7. Qxd6 Qf6 8.
Qxf6 Nxf6 9. Nc3 d5 10. exd5 Nb4 11. Bd3 Nfxd5 12. Nxd5 Nxd5 13. O-O Be6 14.
Re1 Nb4 15. Rxe5 Nxd3 16. cxd3 O-O 17. Be3 Rfd8 18. d4 Rac8 19. b3 Rd5 20. Rxd5
Bxd5 21. Rc1 Rxc1+ 22. Bxc1 f5 23. f3 Kf7 24. Kf2 Kf6 25. Ke3 g5 26. Ba3 h5 27.
Bd6 f4+ 28. Kf2 Kf5 29. g3 Bf7 30. Bc7 1/2-1/2

[Event "Guernsey Open"]
[Site "Guernsey GCI"]
[Date "2007.10.21"]
[Round "1"]
[White "De Kruif, Kees"]
[Black "Dines, Sheila"]
[Result "1/2-1/2"]
[WhiteElo "2063"]
[BlackElo "1901"]
[PlyCount "48"]
[EventDate "2006.10.15"]
[SourceDate "2006.10.28"]

1. b4 e5 2. Bb2 Bxb4 3. Bxe5 Nf6 4. Nc3 Nc6 5. Bxf6 Qxf6 6. Nd5 Qe5 7. Nxb4
Nxb4 8. Rb1 a5 9. Nf3 Qf6 10. c3 Nc6 11. g3 b6 12. Bg2 Bb7 13. O-O O-O 14. d4
d5 15. Nd2 Ne7 16. e4 dxe4 17. Nxe4 Bxe4 18. Bxe4 Rad8 19. Rb5 Rfe8 20. Qc2 h6
21. Re1 Nc8 22. Re2 Nd6 23. Re5 Nxe4 24. R2xe4 Rxe5 1/2-1/2

[Event "Guernsey Open"]
[Site "Guernsey GCI"]
[Date "2007.10.21"]
[Round "1"]
[White "Downey, Keith A"]
[Black "Taylor, Geoffrey P"]
[Result "1/2-1/2"]
[WhiteElo "1879"]
[BlackElo "2063"]
[PlyCount "71"]
[EventDate "2006.10.15"]
[SourceDate "2006.10.28"]

1. c4 Nf6 2. Nf3 e6 3. d4 d5 4. Nc3 Nbd7 5. cxd5 exd5 6. Bg5 Be7 7. Qc2 O-O 8.
e3 Re8 9. Bd3 Nf8 10. O-O Be6 11. Rab1 a5 12. a3 c6 13. Bxf6 Bxf6 14. b4 Bg4
15. Nd2 Ng6 16. Nb3 a4 17. Nd2 b5 18. h3 Bd7 19. Nf3 Qc8 20. Ne2 h6 21. Ng3 Ne7
22. Nh5 Kh8 23. Kh2 Bg5 24. Ne5 f5 25. f4 Bh4 26. g3 Bf6 27. Nf7+ Kg8 28. Nd6
Qd8 29. Nxe8 Qxe8 30. Nxf6+ gxf6 31. Qe2 h5 32. Rg1 Kg7 33. Kg2 Nc8 34. Kf1 Nd6
35. Rb2 Qh8 36. Qg2 1/2-1/2

[Event "Guernsey Open"]
[Site "Guernsey GCI"]
[Date "2007.10.21"]
[Round "1"]
[White "Salimbeni, George"]
[Black "Reutimann, Hans Peter"]
[Result "1-0"]
[WhiteElo "2060"]
[BlackElo "1787"]
[PlyCount "43"]
[EventDate "2006.10.15"]
[SourceDate "2006.10.28"]

1. e4 e6 2. d4 d5 3. Nd2 dxe4 4. Nxe4 Nf6 5. Nxf6+ Qxf6 6. Nf3 h6 7. Bc4 Bd6 8.
O-O O-O 9. c3 Nd7 10. Nd2 Qh4 11. g3 Qd8 12. Ne4 b6 13. Bd3 f5 14. Nxd6 cxd6
15. Qb3 Nf6 16. Bxf5 d5 17. Bd3 Qe8 18. Qc2 Bb7 19. Bf4 Qc6 20. Rae1 Ne4 21. f3
Rxf4 22. gxf4 1-0

[Event "Guernsey Open"]
[Site "Guernsey GCI"]
[Date "2007.10.21"]
[Round "1"]
[White "Tunstall, George"]
[Black "Goris, AA."]
[Result "1/2-1/2"]
[WhiteElo "1895"]
[BlackElo "2056"]
[PlyCount "71"]
[EventDate "2006.10.15"]
[SourceDate "2006.10.28"]

1. d4 e6 2. c4 Nf6 3. Nc3 c5 4. d5 exd5 5. cxd5 d6 6. e4 g6 7. f4 Bg7 8. Bb5+
Nbd7 9. e5 dxe5 10. fxe5 Nh5 11. e6 Qh4+ 12. g3 Nxg3 13. hxg3 Qxh1 14. exd7+
Bxd7 15. Qe2+ Kf8 16. Be3 Re8 17. Bxd7 Rxe3 18. Qxe3 Bd4 19. Qc1 Qxg1+ 20. Ke2
Qf2+ 21. Kd3 Qxg3+ 22. Kc2 Ke7 23. Ba4 Bxc3 24. bxc3 Qg2+ 25. Qd2 Qxd2+ 26.
Kxd2 h5 27. Ke3 Kd6 28. c4 Ke5 29. Rd1 Rd8 30. Kf3 Rd6 31. Re1+ Kd4 32. Re4+
Kc3 33. Kf4 f6 34. Re6 {(=)} Rd8 35. Re8 Rd6 36. Re6 1/2-1/2

[Event "Guernsey Open"]
[Site "Guernsey GCI"]
[Date "2007.10.21"]
[Round "1"]
[White "Kirby, Peter J"]
[Black "Ryan, Julian"]
[Result "1/2-1/2"]
[WhiteElo "2055"]
[BlackElo "1885"]
[PlyCount "82"]
[EventDate "2006.10.15"]
[SourceDate "2006.10.28"]

1. e4 e5 2. Nf3 Nc6 3. Bb5 a6 4. Bxc6 dxc6 5. O-O Bd6 6. d4 exd4 7. Qxd4 f6 8.
Be3 Ne7 9. Nbd2 Be6 10. Rfd1 Qd7 11. Nc4 Bxc4 12. Qxc4 Ng6 13. Nd4 O-O-O 14.
Nf5 Ne5 15. Qb3 g6 16. Nxd6+ cxd6 17. Bb6 Rde8 18. Bc5 Nf7 19. f3 Qe6 {(=)} 20.
Qxe6+ Rxe6 21. Bb4 Kc7 22. Rd2 Rd8 23. Rad1 Ne5 {(=)} 24. b3 b6 25. c4 c5 26.
Bc3 Nc6 27. Kf2 Rf8 28. Rd5 Ne7 29. R5d2 f5 30. exf5 Nxf5 31. Re1 Rfe8 32. Rde2
Rxe2+ 33. Rxe2 Rxe2+ 34. Kxe2 d5 35. cxd5 Kd6 36. g4 Ne7 37. f4 Nxd5 38. Bd2
Nf6 39. h3 Ne4 40. Be1 Kd5 41. Kd3 b5 1/2-1/2

[Event "Guernsey Open"]
[Site "Guernsey GCI"]
[Date "2007.10.21"]
[Round "1"]
[White "Lazarus, Sam"]
[Black "Burton, Ron"]
[Result "1/2-1/2"]
[WhiteElo "1855"]
[BlackElo "2052"]
[PlyCount "36"]
[EventDate "2006.10.15"]
[SourceDate "2006.10.28"]

1. e4 g6 2. d4 Bg7 3. Nc3 d6 4. Be3 a6 5. f3 Nd7 6. Qd2 b5 7. Nd1 c5 8. c3 Bb7
9. Bd3 Rc8 10. Ne2 Ngf6 11. Nf2 O-O 12. O-O Re8 13. Bh6 cxd4 14. cxd4 e5 15.
Bxg7 Kxg7 16. Rac1 Qb6 17. d5 Rxc1 18. Rxc1 Rc8 1/2-1/2

[Event "Guernsey Open"]
[Site "Guernsey GCI"]
[Date "2007.10.21"]
[Round "1"]
[White "Von Saldern, Ruediger"]
[Black "Rodrigues, D."]
[Result "1/2-1/2"]
[WhiteElo "2048"]
[BlackElo "1855"]
[PlyCount "76"]
[EventDate "2006.10.15"]
[SourceDate "2006.10.28"]

1. d4 Nf6 2. Nf3 e6 3. c4 Bb4+ 4. Nc3 b6 5. Bg5 Bb7 6. e3 h6 7. Bh4 g5 8. Bg3
Ne4 9. Qc2 Bxc3+ 10. bxc3 d6 11. Bd3 f5 12. O-O-O Nd7 13. Ne1 Qf6 14. f3 Nxg3
15. hxg3 O-O-O 16. e4 f4 17. g4 e5 18. d5 Nc5 19. Qb2 Ba6 20. Kd2 h5 21. gxh5
Qf7 22. Nc2 Rxh5 23. Qa3 Kb8 24. Nb4 Bb7 25. Qc1 Rdh8 26. Be2 Rh2 27. Rdg1 g4
28. Rxh2 Rxh2 29. Rh1 g3 30. Rg1 Qe8 31. Bd1 a5 32. Nd3 Nxd3 33. Kxd3 Bc8 34.
Bc2 Bd7 35. Qa3 Ka7 36. Bb3 Qe7 {(=)} 37. Ba4 Qe8 38. Bxd7 Qxd7 1/2-1/2